1471 1607 1145 1296 1433 1878 1615 1696 1708 1607 1085 1583 1250 1455 1673 1760 1224 1789 1298 1119 1180 1205 1700 1009 1153 1781 1626 1369 1997 1411 1116 1813 1537 1710 1687 1567 1826 1664 1673 1933 1288 1064 1077 1791 1258 1743 1373 1716 1156 1745 1255 1712 1083 1607 1047 1582 1253 1250 1081 1404 1242 1715 1702 1524 1856 1702 1581 1191 1788 1420 1338 1170 1649 1921 1460 1070 1472 1316 1216 1031 1109 1183 1147 1354 1173 1771 1776 1101 1361 1155 1347 1524 1011 1993 1682 1299 1759 1482 1857 BCNSPRNW ULIB Ver.6.0+V

เปลี่ยนเป็นภาษาไทย

Change to English
 แสดงรายละเอียดบรรณานุกรม
  กลับหน้าหลัก

Brief Record : Get Marc (ISO 2709) : E-mail record : QR code < ปิดหน้าต่าง
LEADER : 00000nam 2200000uu 4500
001    13399113191
003     ULIB
008    110923s2549||||th 000 0 tha d
020    9746432656(ล.1)
050 04 QA76.9^bม246ค ล.1 2549
110 1  มหาวิทยาลัยสุโขทัยธรรมาธิราช.^bสาขาวิชาวิทยาศาสตร์และเทคโนโลยี
245 10 เอกสารการสอนชุดวิชา การจัดการระบบฐานข้อมูล หน่วยทรา 1-7 =^bDatabase system management/^cมหาวิทยาลัยสุโขทัยธรรมาธิราช
246 31 Database system management
250    พิมพ์ครั้งที่ 7
260    นนทบุรี :^bมหาวิทยาลัยสุโขทัยธรรมาธิราช,^c2549
300    2 เล่ม :^bภาพประกอบ ;^c30 ซม
500    ล.1: หน่วยที่ 1-7 -- ล.2: หน่วยที่ 8-15
650  7 การจัดการฐานข้อมูล
650  7 ฐานข้อมูล
945    ^p231^l0^i022931
945    ^p231^l0^i022932
945    ^p231^l0^i022933
995    ทศพร
999 ^a ศิริพร
รายการนี้ยังไม่มีแท็ก
คุณยังไม่ได้ล็อกอิน คุณสามารถมีกิจกรรมร่วมกับเว็บไซต์ได้ แต่ต้องล็อกอินก่อน ::
  ล็อกอิน

รายการสื่อสารสนเทศ

ลำดับที่ ประเภท เลขเรียก/บาร์โค้ด สถานที่ สถานะ
- ไม่พบข้อมูล -

รายการใกล้เคียง
    หัวเรื่อง [การจัดการฐานข้อมูล]
    หัวเรื่อง [ฐานข้อมูล]

BibComment


ยังไม่เคยถูกคอมเมนท์

คอมเมนท์ทรัพยากรรายการนี้
  คอมเมนท์: เอกสารการสอนชุดวิ..


 Copyright 2026. Bcnsprnw @Library